| 000 | 00979nam a22002417a 4500 | ||
|---|---|---|---|
| 003 | AUA.1 | ||
| 005 | 20251121104241.0 | ||
| 008 | 251121b |||||||| |||| 00| 0 eng d | ||
| 020 | _a9781577563013 | ||
| 040 | _cJTL | ||
| 050 |
_aBX6127.57.I5 _b.K46 2024 |
||
| 100 | _aKim, Justin | ||
| 245 |
_aClicks to digital evangelism : _bengaging communities with digital prayer campaigns / _cJustin Kim. |
||
| 260 |
_cLincoln, NE : _aAdventSource; _b c2024. |
||
| 300 |
_a175 pages : _billustrations (chiefly colored) ; _c22 cm. |
||
| 650 | _aInternet in evangelistic work | ||
| 650 |
_aEvangelistic work _vSeventh-day Adventists |
||
| 650 |
_aInternet _vReligious aspects _zChristians |
||
| 650 | _aInternet in church work | ||
| 830 | 0 | _aSDAPI - Seventh-day Adventist Periodical Index. | |
| 856 | 4 | 1 |
_zFull Text _uhttp://www.andrews.edu/library/car/cardigital/Periodicals/Southern_Tidings/2020/2020_06.pdf#page=14 |
| 942 |
_2lcc _cBOOK _hBX 6127.57 .I5 _iK46 2024 |
||
| 999 |
_c25285 _d25285 |
||